000
00291nam a2200097Ia 4500
005
20251222114406.0
008
251222s1900||||xx |||||||||||||| ||spa||
082
_a
DVD0192/U61N/2002
245
0
_a
Nutrición infantil y educación en zonas urbano marginales: Seminario Internacional:
942
_c
DVD
999
_c
1859
_d
1859